Statistics for Countries Most Similar To Ireland

Click here to take the quiz!

General Stats

  • This quiz has been taken 104 times
  • The average score is 17 of 22

Answer Stats

RankCountryScore% Correct
1United Kingdom82.7
98%
5Germany76.1
85%
10Norway73.5
85%
11Spain73.1
85%
9Sweden74.0
85%
3Belgium76.7
84%
18Finland71.7
84%
6France75.5
84%
16Poland72.3
83%
7Denmark75.2
81%
2Netherlands77.6
81%
20Portugal71.5
81%
17Iceland72.2
79%
20Italy71.5
79%
8Austria75.0
78%
4Luxembourg76.2
72%
15Australia72.5
62%
14Czech Republic72.9
61%
12Slovenia73.0
60%
12New Zealand73.0
58%
19Croatia71.6
54%
20Latvia71.5
40%

Score Distribution

Percentile by Number Answered

Percent of People with Each Score

Your Score History

You have not taken this quiz